Papers - Zola/Ninho - Statistiques

Statistiques générales
  • Ce quiz a été pris 125 fois
  • Le résultat moyen est 188 sur 452
Statistiques - réponses
Réponse % Correct
couleur
99%
99%
la
99%
mon
96%
papers
96%
comme
95%
du
95%
Le
95%
le
95%
na
92%
pas
92%
Violet
91%
monnaie
87%
à
83%
a
83%
À
83%
commerçant
77%
Lakers
76%
de
73%
Moula
69%
moula
69%
se
68%
ma
65%
sur
64%
tu
59%
Tu
59%
sonné
57%
vie
57%
et
56%
qui
55%
ça
53%
ce
53%
têco
53%
mes
51%
Au
49%
au
49%
dans
49%
Dans
49%
sa
49%
que
48%
ghetto
47%
heure
47%
on
47%
On
47%
seras
47%
suis
47%
50
45%
Cest
45%
cest
45%
levé
45%
demi
44%
elle
44%
Elle
44%
gérant
44%
trop
43%
gâche
41%
Jme
41%
honey
40%
Liasses
39%
Nen
39%
est
37%
Cagoulé
36%
Je
36%
je
36%
10
35%
euros
33%
Hors
33%
navire
33%
Jbois
32%
question
32%
heures
29%
mets
29%
élastiquées
28%
sac
28%
saccroche
28%
jsuis
27%
lappart
27%
messagerie
27%
quartier
27%
Si
27%
commandes
24%
hey
23%
Allô
21%
fait
21%
gants
21%
les
21%
NI
20%
queue
20%
aux
19%
des
19%
khabat
19%
lenquête
19%
direct
17%
Ouais
17%
pendant
17%
sen
17%
paluches
16%
tombes
16%
Zola
16%
Hola
15%
hola
15%
tres
15%
Un
15%
va
15%
bien
13%
brr
13%
faire
13%
volant
13%
cabré
12%
cross
12%
Mini
12%
Quand
12%
ya
12%
Ya
12%
autres
11%
coffre
11%
deux
11%
Jcasse
11%
occuper
11%
sœurs
11%
16
9%
Cooper
9%
copains
9%
coupée
9%
demandaient
9%
Eux
9%
faisait
9%
gros
9%
mais
9%
nous
9%
peau
9%
Ressortent
9%
Tinquiète
9%
acteurs
8%
ans
8%
cepu
8%
déjà
8%
dos
8%
mille
8%
partout
8%
sort
8%
bât
7%
copines
7%
Dieu
7%
Grâce
7%
poto
7%
tes
7%
tirent
7%
toi
7%
tous
7%
Bandits
5%
bandits
5%
Bientôt
5%
Chicas
5%
chicas
5%
cœur
5%
jusquà
5%
Jvais
5%
Négro
5%
prends
5%
quitter
5%
RS6
5%
Savastano
5%
secondes
5%
soir
5%
tartiné
5%
Terre
5%
Ton
5%
veut
5%
Zéro
5%
zéro
5%
bizarre
4%
blouson
4%
dimposteur
4%
jen
4%
lbât
4%
mort
4%
quattro
4%
toutes
4%
vaisseaumère
4%
came
3%
étends
3%
finit
3%
fous
3%
minimum
3%
pah
3%
peutêtre
3%
pilon
3%
place
3%
plus
3%
sasseoir
3%
sous
3%
alcool
1%
basée
1%
cambrée
1%
cersu
1%
chez
1%
croise
1%
demain
1%
jenfume
1%
lheure
1%
Maman
1%
nounou
1%
passe
1%
tâche
1%
daccord
0%
dêtre
0%
encore
0%
Faut
0%
jpousse
0%
jracaille
0%
Kecra
0%
mette
0%
pestu
0%
pointeurs
0%
Provocantes
0%
quon
0%
rien
0%
rue
0%
sans
0%
steplaît
0%
tata
0%
tempère
0%
Aucun quiz correspondant
Distribution des résultats
% des personnes avec chaque résultat
Percentile par nombre de réponses
Votre historique - résultats
Vous n’avez pas pris ce quiz